| 000 | 00591nam a2200193Ia 4500 | ||
|---|---|---|---|
| 003 | OSt | ||
| 005 | 20200805094347.0 | ||
| 008 | 190216s9999||||xx |||||||||||||| ||und|| | ||
| 020 | _a9780070586109 | ||
| 040 | _coclc | ||
| 082 |
_a519.2076 _bSPI/P |
||
| 100 |
_aSpiegel, Murray R _9762 |
||
| 245 | 0 |
_aProbability And Statistics / _cMurray R Spiegel ; John Schiller ; R Alu Srinivasan |
|
| 250 | _a2nd Ed. | ||
| 260 |
_bTata Mcgrawhill Publishers. _aDelhi: _c2000. |
||
| 300 | _a408p | ||
| 650 | _aMathematics | ||
| 942 |
_cBK _2ddc _h519.2076 _iSPI/P _k519.2076 _mSPI/P |
||
| 999 |
_c32027 _d32027 |
||